000 00495nam a2200145Ia 4500
008 170221s9999 xx 000 0 und d
100 _aNoor Hasmini Abd Ghani
245 _aMalaysian Consumers Ethnocentrism: The Measurement Scale and Index
245 _cNoor Hasmini Abd Ghani, Nik Kamariah Nik Mat
260 _bInternational Review of Management and Marketing
260 _cFebruary 2016
300 _a5:1
650 _xMarketing.
856 _uhttp://www.econjournals.com/index.php/irmm
999 _c309934
_d309934